Southville International School and Colleges
Your cart is empty.
  • Cart
  • Lists
    Public lists Eva Luna New books Lux_list list_1
    Your lists Log in to create your own lists
  • Log in to your account
  • Your cookies
  • Search history
Southville International School and Colleges
  • Advanced search
  • Recent comments
  • Most popular
  • Libraries

Log in to your account

Log in with GOOGLE


If you do not have an external account, but do have a local account, you can still log in:

  1. Home
  2. MARC view: Spiders /
Normal view MARC view ISBD view

Spiders / (Record no. 110348)

[ view plain ]
MARC details
000 -LEADER
fixed length control field 00446nam a2200169 a 4500
001 - CONTROL NUMBER
control field 0234
005 - DATE AND TIME OF LATEST TRANSACTION
control field 20140414131854.0
008 - FIXED-LENGTH DATA ELEMENTS--GENERAL INFORMATION
fixed length control field 040902s19uu xx 00 eng d
020 ## - INTERNATIONAL STANDARD BOOK NUMBER
International Standard Book Number 0-590-47874-5
050 ## - LIBRARY OF CONGRESS CALL NUMBER
Classification number M 595.7
Item number G35 1993
100 ## - MAIN ENTRY--PERSONAL NAME
Personal name Gibbons, Gail
245 ## - TITLE STATEMENT
Title Spiders /
Statement of responsibility, etc Gail Gibbons.
260 ## - PUBLICATION, DISTRIBUTION, ETC. (IMPRINT)
Place of publication, distribution, etc New York :
Name of publisher, distributor, etc Scholastic,
Date of publication, distribution, etc 1993.
300 ## - PHYSICAL DESCRIPTION
Extent 1 v. (unp.) : ill. ; cm.
650 ## - SUBJECT ADDED ENTRY--TOPICAL TERM
Topical term or geographic name as entry element Bugs
General subdivision Juvenile literature.
Holdings
Withdrawn status Lost status Damaged status Use restrictions Home library Current library Shelving location Date acquired Source of acquisition Total Checkouts Full call number Barcode Date last seen Price effective from Koha item type
        Munich Library Munich Library Main Section 09/02/2004     M 595.7 G35 1993 M0733 04/14/2014 04/14/2014 Books

Spiders /

APA

Gibbons G., . (1993). Spiders. New York: Scholastic.

Chicago

Gibbons Gail, . 1993. Spiders. New York: Scholastic.

Harvard

Gibbons G., . (1993). Spiders. New York: Scholastic.

MLA

Gibbons Gail, . Spiders. New York: Scholastic. 1993.

  • Place hold
  • Print
  • Cite
  • Add to your cart (remove)
  • Save record
    BIBTEX Dublin Core MARCXML MARC (non-Unicode/MARC-8) MARC (Unicode/UTF-8) MARC (Unicode/UTF-8, Standard) MODS (XML) RIS
  • More searches
    Search for this title in:
    Other Libraries (WorldCat) Other Databases (Google Scholar) Online Stores (Bookfinder.com) Open Library (openlibrary.org)

Exporting to Dublin Core...

SOUTHVILLE LIBRARY

Southville International School and Colleges Library

1281 Tropical Ave. Cor. Luxembourg St., BF Homes International, Las Pinas City

Tel. No. 8256374 / 252358 Loc. 117/146

Powered by Koha